00376 2200145 4500001002100000005001500021035002000036245007000056100002600126300001800152260001400170082001000184084001600194990002000210INLIS00000000000080820220723083629 a0010-07220000111 aKISAH SANDEAN RAJA DARI KERAJAAN TIMUR :bDONGENG PENGANTAR TIDUR0 aYUDHISTIRA IKRANEGARA a32 ;c20,5 cm bDUA MEDIA a398.2 a398.2 YUD k a3064/BBTIV/2021